000 00875nam a22002897a 4500
001 BR8108939
003 BR-BrBNA
005 20230928091215.0
007 ta
008 230509b bl.||||| |||| 00| 0 por d
040 _aBR-BrBNA
_bpor
_cBiblioteca Nacional de Agricultura
041 _a(Por)
072 _aC20
_b/G514
090 _ C20 BR8108939
110 1 _aEmpresa de Assistencia Tecnica e Extensao Rural do Estado de Mato Grosso, Cuiaba (Brasil)
_94017
245 1 _aExtensao rural sempre pelo homem e pela terra [Mato Grosso, Brasil]
260 3 _aCuiaba, MT (Brasil):
_c[nd].
300 _a8 p.
500 _a15 illus.; Published after 1980
650 _aEXTENSAO RURAL
650 _aTRABALHADOR RURAL
650 _aASSISTENCIA TECNICA
650 _aASSISTENCIA SOCIAL
650 _aMATO GROSSO
909 _a202309
_bLucia
_c55
_dLucia Elande
942 _cBK
999 _c32840
_d32840